Personnalités au hasard #25 - Statistiques

Statistiques générales
  • Ce quiz a été pris 285 fois
  • Le résultat moyen est 9 sur 32
Statistiques - réponses
Par images Réponse % Correct
Lionel Messi
99%
Kaaris
82%
Nikola Karabatic
75%
Gordon Ramsay
61%
Loris Giuliano
56%
Lujipeka
47%
Gaspard Ulliel
45%
Rocco Siffredi
38%
Mathilde Seigner
34%
Sam Zirah
34%
Alan Rickman
33%
Dr. Dre
30%
Assa Traoré
28%
Lisa Kudrow
27%
Maïwenn
27%
Jorja Smith
26%
Étienne Carbonnier
18%
Marie Portolano
18%
Tim Cook
14%
Christine Angot
13%
Greta Gerwig
13%
Caroline Fourest
9%
Jeane Manson
9%
Suga
8%
Dilma Rousseff
5%
Isabel Marant
4%
Jacinda Ardern
2%
Koumba Larroque
2%
Yanick Shaft
2%
Emily Browning
1%
Maia Sandu
1%
Vincent Matheron
0%
Aucun quiz correspondant
Distribution des résultats
% des personnes avec chaque résultat
Percentile par nombre de réponses
Votre historique - résultats
Vous n’avez pas pris ce quiz